<?xml version="1.0" encoding="UTF-8"?>
<record
    xmlns:xsi="http://www.w3.org/2001/XMLSchema-instance"
    xsi:schemaLocation="http://www.loc.gov/MARC21/slim http://www.loc.gov/standards/marcxml/schema/MARC21slim.xsd"
    xmlns="http://www.loc.gov/MARC21/slim">

  <leader>01023nam a22002297a 4500</leader>
  <controlfield tag="003">NALT</controlfield>
  <controlfield tag="005">20240111151944.0</controlfield>
  <controlfield tag="008">240109b        th ||||| |||| 00| 0 tha d</controlfield>
  <datafield tag="040" ind1=" " ind2=" ">
    <subfield code="a">NALT</subfield>
  </datafield>
  <datafield tag="090" ind1=" " ind2=" ">
    <subfield code="a">IS 14/2565 53</subfield>
  </datafield>
  <datafield tag="100" ind1="0" ind2=" ">
    <subfield code="9">62497</subfield>
    <subfield code="a">&#xE2A;&#xE21;&#xE20;&#xE1E; &#xE2A;&#xE35;&#xE2B;&#xE1A;&#xE38;&#xE15;&#xE23;</subfield>
  </datafield>
  <datafield tag="245" ind1="1" ind2="0">
    <subfield code="a">1,600 &#xE25;&#xE49;&#xE32;&#xE19;&#xE1A;&#xE32;&#xE17;&#xE25;&#xE34;&#xE02;&#xE2A;&#xE34;&#xE17;&#xE18;&#xE34;&#xE4C;&#xE1F;&#xE38;&#xE15;&#xE1A;&#xE2D;&#xE25;&#xE42;&#xE25;&#xE01; &#xE1B;&#xE31;&#xE0D;&#xE2B;&#xE32;&#xE17;&#xE35;&#xE48;&#xE44;&#xE21;&#xE48;&#xE08;&#xE1A;&#xE2A;&#xE34;&#xE49;&#xE19; /</subfield>
    <subfield code="c">&#xE2A;&#xE21;&#xE20;&#xE1E; &#xE2A;&#xE35;&#xE2B;&#xE1A;&#xE38;&#xE15;&#xE23; ; &#xE2A;&#xE16;&#xE32;&#xE1A;&#xE31;&#xE19;&#xE1E;&#xE23;&#xE30;&#xE1B;&#xE01;&#xE40;&#xE01;&#xE25;&#xE49;&#xE32;.</subfield>
  </datafield>
  <datafield tag="260" ind1=" " ind2=" ">
    <subfield code="a">&#xE01;&#xE23;&#xE38;&#xE07;&#xE40;&#xE17;&#xE1E;&#xE2F; :</subfield>
    <subfield code="b">&#xE2A;&#xE16;&#xE32;&#xE1A;&#xE31;&#xE19;&#xE1E;&#xE23;&#xE30;&#xE1B;&#xE01;&#xE40;&#xE01;&#xE25;&#xE49;&#xE32;,</subfield>
    <subfield code="c">2566.</subfield>
  </datafield>
  <datafield tag="650" ind1=" " ind2="4">
    <subfield code="9">62570</subfield>
    <subfield code="a">&#xE1F;&#xE38;&#xE15;&#xE1A;&#xE2D;&#xE25; </subfield>
    <subfield code="x">&#xE01;&#xE32;&#xE23;&#xE08;&#xE31;&#xE14;&#xE01;&#xE32;&#xE23;</subfield>
  </datafield>
  <datafield tag="650" ind1=" " ind2="4">
    <subfield code="9">62571</subfield>
    <subfield code="a">&#xE1F;&#xE38;&#xE15;&#xE1A;&#xE2D;&#xE25;&#xE42;&#xE25;&#xE01;</subfield>
  </datafield>
  <datafield tag="710" ind1="2" ind2=" ">
    <subfield code="9">2339</subfield>
    <subfield code="a">&#xE2A;&#xE16;&#xE32;&#xE1A;&#xE31;&#xE19;&#xE1E;&#xE23;&#xE30;&#xE1B;&#xE01;&#xE40;&#xE01;&#xE25;&#xE49;&#xE32;</subfield>
  </datafield>
  <datafield tag="850" ind1=" " ind2=" ">
    <subfield code="a">NALT</subfield>
  </datafield>
  <datafield tag="942" ind1=" " ind2=" ">
    <subfield code="c">IS</subfield>
    <subfield code="2">local</subfield>
  </datafield>
  <datafield tag="996" ind1=" " ind2=" ">
    <subfield code="a">chunbijaya.r</subfield>
    <subfield code="b">CATSTF	</subfield>
    <subfield code="c">2024-01-09</subfield>
  </datafield>
  <datafield tag="996" ind1=" " ind2=" ">
    <subfield code="a">saiphon.d</subfield>
    <subfield code="b">CATSTF	</subfield>
    <subfield code="c">2024-01-11</subfield>
  </datafield>
  <datafield tag="999" ind1=" " ind2=" ">
    <subfield code="c">104139</subfield>
    <subfield code="d">104139</subfield>
  </datafield>
  <datafield tag="998" ind1=" " ind2=" ">
    <subfield code="j">104</subfield>
    <subfield code="k"> &#xE19;&#xE32;&#xE07;&#xE2A;&#xE32;&#xE27;&#xE2A;&#xE32;&#xE22;&#xE1D;&#xE19;  &#xE14;&#xE35;&#xE07;&#xE32;&#xE21;</subfield>
  </datafield>
  <datafield tag="952" ind1=" " ind2=" ">
    <subfield code="0">0</subfield>
    <subfield code="1">0</subfield>
    <subfield code="2">local</subfield>
    <subfield code="4">0</subfield>
    <subfield code="7">0</subfield>
    <subfield code="8">CIS</subfield>
    <subfield code="a">NALT</subfield>
    <subfield code="b">NALT</subfield>
    <subfield code="c">IS</subfield>
    <subfield code="d">2024-01-09</subfield>
    <subfield code="o">IS 14/2565 53</subfield>
    <subfield code="p">3961222052</subfield>
    <subfield code="r">2024-01-26 00:00:00</subfield>
    <subfield code="w">2024-01-09</subfield>
    <subfield code="y">IS</subfield>
  </datafield>
</record>
